MARC

LEADER 00000nam a2200000 a 4500
005 2012032709479.0
007 cr|||| ||||
008 040319s2003 sp |||||| o000 ||spa|c
017 |a DL M. 29491-2003 
020 |a 8470887351 
035 |a 6076 
040 |d vLex 
090 |c 3086  |d 3086 
100 1 |a Naranjo de la Cruz, Rafael 
245 1 3 |a El Proceso constitucional para la proteccin̤ de la autonoma̕ local en Espaą y Alemania  |h [Recurso electrn̤ico] /  |c Rafael Naranjo de la Cruz 
256 |a Servicio en ln̕ea 
260 |a Madrid :  |b Instituto Nacional de Administracin̤ Pb︢lica ;  |a [Ml̀aga] :  |b Diputacin̤ Provincial de Ml̀aga,  |c 2003 
300 |a 1 recurso electrn̤ico 
490 1 |a Estudios 
500 |a En la cubierta: Ministerio de Administraciones Pb︢licas 
504 |a Notas. Bibliografa̕ p. 179-196 
506 1 |a Contenido solo disponible en los productos indicados  |d vLex Global   |d vLex Global (Academic Edition, excluding Law Schools)   |d vLex Global (U.S. Academic Edition, Law Schools)   |d vLex Global (U.S. Academic Edition, excluding Law Schools)   |d vLex Global (Academic Edition, Law Schools)  
650 0 4 |a Administracin̤ local 
650 0 4 |a Derecho constitucional 
650 0 4 |a Autonoma̕ 
651 4 |a Espaą 
651 4 |a Alemania 
710 1 |a Instituto Nacional de Administracin̤ Pb︢lica (Espaą) 
710 1 |a Ml̀aga (Andalucia).  |b Diputacin̤ Provincial 
710 1 |a Espaą.  |b Ministerio para las Administraciones Pb︢licas 
740 0 |a vLex Libros (Servicio en ln̕ea) 
830 0 |a Estudios (Instituto Nacional de Administracin̤ Pb︢lica (Espaą)) 
856 4 0 |u http://vlex.com/source/proceso-constitucional-proteccion-autonomia-local-espana-alemania-6076  |z Acceso restringido 
942 |c BOOK 
999 0 |a Local government 
999 0 |a Constitutional law